| 000 | 00882nam a22002297a 4500 | ||
|---|---|---|---|
| 999 |
_c17223 _d17223 |
||
| 003 | AR-CdUCM | ||
| 008 | 190507b ||||| |||| 00| 0 spa d | ||
| 040 |
_aMUNICIPALIDAD PROVINCIAL DEL CUSCO _cBIBLIOTECA MUNICIPAL DEL CUSCO |
||
| 082 |
_23ed. _a987.04 / _bP19 |
||
| 100 |
_aPalma, Lauro _926951 |
||
| 245 |
_aMiranda : _by los orígenes de la independencia americana / |
||
| 260 |
_aBuenos Aires : _bAtlantida, _c1961. |
||
| 300 |
_a122 páginas ; _bilustraciones, láminas, _c17.5 cm. |
||
| 440 |
_aBiblioteca Billiken / Colección Azul. _928152 |
||
| 505 | _aContenido: El archivo de Miranda -- El precursor -- Mariscal de Francia --Absolución de Miranda -- Resolución heroica ... | ||
| 650 |
_aBiografías _9148 |
||
| 650 |
_aVenezuela _92312 |
||
| 650 |
_aHistoria _9136 |
||
| 700 |
_aCastelao (ilustraciones) _937109 |
||
| 942 |
_2ddc _cLIBROS |
||
| 945 |
_aachl _d2019-05-07 |
||